00397nam a2200121Ia 4500008004100000024004100041082001700082100005200099245004000151260002500191600002100216650003800237250506s9999 xx 000 0 und d a13B-16-BS, 13B-19-BS & 12B-36-BS a005.4072 OBA aObaid Ur Rehman, Hamza Ahmed Khan & Osaid Hasan 0aSoftware for UIT Alumni (code book) aKarachi:bUIT,c2013 aComputer Science aBachelor of Computer Science (BS)